Capacidades y libertades: un enfoque para acercarse al empleo decente /

Shranjeno v:
Bibliografske podrobnosti
Glavni avtor: Gatica López, Gustavo
Format: Texto
Oznake: Označite
Brez oznak, prvi označite!

MARC

LEADER 00000 a a2200000 04500
001 45827
003
040
100 |a Gatica López, Gustavo  
245 |a Capacidades y libertades:   |b un enfoque para acercarse al empleo decente /  |c Gustavo Gatica López  
590 |a DISEMINAR012014  
773 |g página 58-66: fotos  
999 |c 24882  |d 24882